Understanding Psychological Assessment (Record no. 1851233)
[ view plain ]
| 000 -LEADER | |
|---|---|
| fixed length control field | 00584nam a22001937a 4500 |
| 005 - DATE AND TIME OF LATEST TRANSACTION | |
| control field | 20260512115928.0 |
| 008 - FIXED-LENGTH DATA ELEMENTS--GENERAL INFORMATION | |
| fixed length control field | 260512b |||||||| |||| 00| 0 eng d |
| 037 ## - SOURCE OF ACQUISITION | |
| Terms of availability | DSWL |
| 040 ## - CATALOGING SOURCE | |
| Original cataloging agency | DSWL |
| Transcribing agency | DSWL |
| 041 ## - LANGUAGE CODE | |
| Language code of original | eng |
| 084 ## - COLON CLASSIFICATION NUMBER | |
| Classification number | S:7v Q3 |
| 245 ## - TITLE STATEMENT | |
| Title | Understanding Psychological Assessment |
| 260 ## - PUBLICATION, DISTRIBUTION, ETC. | |
| Place of publication, distribution, etc. | New Delhi, |
| Name of publisher, distributor, etc. | Sage Publication, |
| Date of publication, distribution, etc. | 2013 |
| 300 ## - PHYSICAL DESCRIPTION | |
| Extent | 564p |
| 365 ## - TRADE PRICE | |
| Price type code | INR |
| Price amount | 1050 |
| 700 ## - ADDED ENTRY--PERSONAL NAME | |
| Personal name | Meenakshi Gokhale & Devasena Desai Ed. |
| 9 (RLIN) | 1239097 |
| 942 ## - ADDED ENTRY ELEMENTS (KOHA) | |
| Source of classification or shelving scheme | Colon Classification (CC) |
| Koha item type | Textual |
| Classification part | S:7v Q3 |
| Suppress in OPAC | No |
| Withdrawn status | Lost status | Source of classification or shelving scheme | Damaged status | Not for loan | Home library | Current library | Date acquired | Source of acquisition | Cost, normal purchase price | Total Checkouts | Full call number | Barcode | Date last seen | Price effective from | Koha item type |
|---|---|---|---|---|---|---|---|---|---|---|---|---|---|---|---|
| Colon Classification (CC) | Department of Social Work Library | Department of Social Work Library | 2026-05-12 | Standard Book House | 1050.00 | S:7v Q3 | SW0032460 | 2026-05-12 | 2026-05-12 | Textual |
